Funkcie cestovného ruchu telesne postihnutých osôb s ohľadom na druh postihnutia

Problematika cestovného ruchu pre telesne postihnuté osoby vo vedeckom výskume. Diagnostikovanie významu jednotlivých funkcií cestovného ruchu pre telesne postihnuté osoby. Odpovede na otázky, či je význam jednotlivých funkcií cestovného ruchu spojený s druhom telesného postihnutia a ktorá funkcia c...

Full description

Saved in:
Bibliographic Details
Main Author: Kaganek, Krzysztof
Format: Book Chapter
Language:Slovak
Subjects:
Tags: Add Tag
No Tags, Be the first to tag this record!

MARC

LEADER 00000naa$a2200000$$$4500
001 0093960
005 20231016073733.4
041 0 |a slo 
044 |a SK 
245 1 0 |a Funkcie cestovného ruchu telesne postihnutých osôb s ohľadom na druh postihnutia  |c Krzysztof Kaganek 
520 |a Problematika cestovného ruchu pre telesne postihnuté osoby vo vedeckom výskume. Diagnostikovanie významu jednotlivých funkcií cestovného ruchu pre telesne postihnuté osoby. Odpovede na otázky, či je význam jednotlivých funkcií cestovného ruchu spojený s druhom telesného postihnutia a ktorá funkcia cestovného ruchu má najväčší význam pre jednotlivé druhy telesného postihnutia. Výsledky výskumu realizovaného vo vybraných regiónoch Poľska. Odporúčania na základe výsledkov z výskumu. 
610 2 0 |a ruch cestovný 
610 2 0 |a výskum 
610 2 0 |a klienti 
610 2 0 |a zdravie 
610 2 0 |a rehabilitácia 
610 2 0 |a rekreácia 
610 2 0 |a vzdelávanie 
610 2 0 |a Poľsko 
100 1 |a Kaganek, Krzysztof